La torre negra / (Record no. 167926)

MARC details
000 -LEADER
campo de control de longitud fija 00760nam a22002295i 4500
001 - NÚMERO DE CONTROL
campo de control 167926
003 - IDENTIFICADOR DE NÚMERO DE CONTROL
campo de control ES-MaACL
005 - FECHA Y HORA DE LA ÚLTIMA TRANSACCIÓN
campo de control 20230906213627.0
008 - DATOS DE LONGITUD FIJA--INFORMACIÓN GENERAL
campo de control de longitud fija 150927s2000 sp |||| | spa d
020 ## - NÚMERO INTERNACIONAL ESTÁNDAR DEL LIBRO
Número Internacional Estándar del Libro 84-663-0033-3
080 ## - NÚMERO DE LA CLASIFICACIÓN DECIMAL UNIVERSAL
Número de la Clasificación Decimal Universal 821.111-31"19"
100 1# - ENTRADA PRINCIPAL--NOMBRE DE PERSONA
Nombre de persona James, P. D. (
Fechas asociadas al nombre 1920-2014)
9 (RLIN) 160194
245 13 - MENCIÓN DEL TÍTULO
Título La torre negra /
Mención de responsabilidad, etc. P.D. James ; [traducción, Mª José Rodellar].
250 ## - MENCION DE EDICION
Mención de edición [1ª ed. en esta colección].
260 ## - PUBLICACIÓN, DISTRIBUCIÓN, ETC.
Lugar de publicación, distribución, etc. [Barcelona] :
Nombre del editor, distribuidor, etc. Suma de Letras :
-- Ediciones B,
Fecha de publicación, distribución, etc. 2000.
300 ## - DESCRIPCIÓN FÍSICA
Extensión 446 p. ;
Dimensiones 18 cm.
490 1# - MENCIÓN DE SERIE
Mención de serie Punto de lectura ;
Designación de volumen o secuencia 16/6
700 0# - ENTRADA AGREGADA--NOMBRE PERSONAL
Nombre de persona Rodellar, María José.
9 (RLIN) 98110
830 0# - PUNTO DE ACCESO ADICIONAL DE SERIE-TÍTULO UNIFORME
Título uniforme Punto de lectura ;
Designación de volumen o secuencia 16/6
9 (RLIN) 184240
852 ## - LOCALIZACIÓN
Ubicación ES-MaACL
Número de control de estantería L-30169
Nota libre .- Donat. Miguel A. Velasco
Holdings
Estatus retirado Estado de pérdida Estado de daño No para préstamo Biblioteca de origen Biblioteca actual Ubicación en estantería Fecha de adquisición Fuente de adquisición Total de préstamos Signatura topográfica completa Código de barras Visto por última vez Precio de reemplazo Tipo de ítem Koha
        Biblioteca del Ateneo de Madrid Biblioteca del Ateneo de Madrid Depósito 2 27/08/2015     L-30169 1194088 23/02/2023 23/02/2023 Libro impreso